Score 0/31 Timer 10:00
5 Plays Today
% Correct
Adolf Hitler
94.6%
Albert Einstein
90.3%
Periodic Table
88.6%
Yugoslavia
87.3%
Twitter
86.8%
Japan
86.7%
Vermont
85.4%
Julius Caesar
84.6%
Texas
83.3%
Rugby Football
83%
Rome
82.5%
Principality of Wales
80%
Elizabeth I
77.8%
Cyprus
73.7%
Lithuania
73.4%
Poland
73.2%
% Correct
Itza Maya Kingdom
71.7%
Abraham Lincoln
69.9%
British Empire
68.5%
Johann Sebastian Bach
66.9%
Napoleon Bonaparte
64.2%
Iwo Jima
63.3%
Jerusalem
56.6%
Brazil
51.3%
Saskatchewan
48.3%
Carthaginian Empire
47.2%
Patrick Henry
46.7%
Virginia Woolf
38.5%
Belarus
38.1%
George Martin
31.9%
Dandi
13.3%
Remove Ads.
Support Sporcle.
Get the best of Sporcle when you Go Orange. This ad-free experience offers more features, more stats, and more fun while also helping to support Sporcle. Thank you for becoming a member.

You're not logged in!

Compare scores with friends on all Sporcle quizzes.
OR
Log In

Show Comments

Extras

Top Quizzes Today


Score Distribution

Your Account Isn't Verified!

In order to create a playlist on Sporcle, you need to verify the email address you used during registration. Go to your Sporcle Settings to finish the process.

Report this User

Report this user for behavior that violates our Community Guidelines.

Details: